Toronto Blue Jays Managers by Picture - Statistics

General Stats
  • This quiz has been taken 31 times
  • The average score is 5 of 13
Answer Stats
Picture Hint Answer % Correct
1989-1991 | 1992-1997 | 2008-2010 Cito Gaston
78%
2004-2008 | 2013-2018 John Gibbons
70%
2022-Present John Schneider
67%
2001-2002 Buck Martinez
52%
1982-1985 Bobby Cox
48%
2019-2022 Charlie Montoyo
48%
1986-1989 Jimy Williams
44%
1991 Gene Tenace
22%
1998 Tim Johnson
22%
1980-1981 Bobby Mattick
15%
2002-2004 Carlos Tosca
15%
1997 Mel Queen
15%
1977-1979 Roy Hartsfield
15%
No matching quizzes found
Score Distribution
Percent of People with Each Score
Percentile by Number Answered
Your Score History
You have not taken this quiz